| 000 | 00498nam a22001937a 4500 | ||
|---|---|---|---|
| 003 | LK-CoMWRAF | ||
| 005 | 20231019001853.0 | ||
| 008 | 231019b |||||||| |||| 00| 0 eng d | ||
| 040 |
_aLK-CoMWRAF _dLK-CoMWRAF _eLK-CoMWRAF |
||
| 041 | _aeng | ||
| 082 |
_a823 _bYEA |
||
| 245 | _aThe Year's best SF | ||
| 250 | _a10th Annual Edition | ||
| 260 |
_aNew York : _bDelacorte press, _c1965 |
||
| 300 | _axiii,272p. ; 22cm. | ||
| 650 | _aEnglish Fiction | ||
| 700 |
_aMerril, Judith _eed. |
||
| 942 | _cBK | ||
| 999 |
_c3936 _d3936 |
||